| 000 | 00539nam a22001817a 4500 | ||
|---|---|---|---|
| 003 | OSt | ||
| 005 | 20180116183006.0 | ||
| 008 | 150806b xxu||||| |||| 00| 0 eng d | ||
| 020 | _a9780070635814 | ||
| 040 | _c0 | ||
| 082 |
_23rd _a332.10973 SAU 2015 |
||
| 100 | _aAnthony Saunders | ||
| 245 |
_aFinancial Markets and Insititutions _bAn Introduction to the Risk Management Approach _cAnthony Saunders |
||
| 260 |
_aIndia _bMcGraw Hill _c2015 |
||
| 300 |
_a721 p. _bPB |
||
| 440 | _aFinancial Markets and Insititutions | ||
| 942 |
_2ddc _cBK |
||
| 999 |
_c350056 _d350056 |
||